000 01278nam a2200253Ia 4500
003 OSt
005 20211207103019.0
008 210310s1972 ar gr 000 0 spa d
040 _aCO-JMCR
_cCO-JMCR
041 0 _aspa
082 0 4 _a336.34330982 /
_bG216d
_223
100 1 _aGarcía Vizcaino, José,
_eautor
_929323
245 1 3 _aLa deuda publica nacional /
_cJosé García Vizcaíno
260 _aBuenod Aires, Argentina :
_bUniversitaria de Buenos Aires,
_c1972.
300 _a261 páginas ;
_c24 cm.
490 0 _aBiblioteca de la Universidad ;
490 0 _aTratados de economía
504 _aBibliografía : páginas 257-260.
505 0 _aGastos públicos. -- Recursos financieros del estado. -- Crédito empréstito y deuda pública. -- La deuda pública nacional. -- Creación del endeudamiento externo. -- El emisionismo monetario. -- Régimen legal de la deuda pública. -- Expansión del endeudamiento. -- Desorden financiero. -- Reconstrucción financiera. -- Endeudamiento ilimitado. -- La conversión de la deuda pública en la argentina. -- Limites de la deuda pública.
650 1 4 _aDeuda pública
_zArgentina
_941760
650 2 4 _aRecursos financieros
_zArgentina
_941761
650 2 4 _aEndeudamiento externo
_zArgentina
_941762
942 _2ddc
_cBK
999 _c12826
_d12826